| 000 | 00721cam a22002293a 4500 | ||
|---|---|---|---|
| 001 | 11039 | ||
| 003 | PGUSA | ||
| 005 | 20140828083232.0 | ||
| 008 | 040201s2004||||xxu|||||s|||||000 | eng d | ||
| 040 |
_aPGUSA _beng |
||
| 042 | _adc | ||
| 050 | 4 | _aG | |
| 100 | 1 |
_aPfeiffer, Ida, _d1797-1858 |
|
| 245 | 1 | 2 |
_aA Woman's Journey Round the World : _bFrom Vienna to Brazil, Chili, Tahiti, China, Hindostan, Persia and Asia Minor _h[electronic resource] / _cIda Pfeiffer |
| 260 |
_bProject Gutenberg, _c2004 |
||
| 506 | _aPublic domain in the USA. | ||
| 516 | _aElectronic text | ||
| 653 | _aVoyages around the world | ||
| 830 | 0 |
_aProject Gutenberg _v11039 |
|
| 856 | 4 | 0 | _uhttp://www.gutenberg.org/ebooks/11039 |
| 942 | _cEB | ||
| 999 |
_c240294 _d240294 |
||